000 00369nam a2200133Ia 4500
008 151001s9999||||xx |||||||||||||| ||und||
100 _aसुदर्शन भाटीया
245 _aभारतीय आदर्श बालक कोश
250 _a1
260 _bचंबल एजन्सी
260 _c2012
300 _a123
365 _b21
999 _c999144
_d999141